Thoracic Vertebra Elements - Statistics

General Stats
  • This quiz has been taken 27 times
  • The average score is 5 of 9
Answer Stats
Hint Answer % Correct
1 Spinous Process
100%
3 Transverse Process
87%
5 Vertebral Foramen
80%
2 Lamina
67%
6 Vertebral Body
67%
4 Pedicle
53%
8 Postzygapophysis
7%
7 Prezygapophysis
7%
9 Costal Fovae
0%
No matching quizzes found
Score Distribution
Percent of People with Each Score
Percentile by Number Answered
Your Score History
You have not taken this quiz